00474nam a2200205Ia 4500003000900000008004100009040001300050040001300063041000800076041000800084100001800092245006600110250001200176260001200188260000900200300001100209300001000220490003100230490000700261IT-RoPAU120407s9999 xx 000 0 und d aIT-RoPAU cIT-RoPAU aita bgre aFranz Mussner aLa lettera ai Galati. Testo greco e traduzione, con commento. aBrescia aPaideia c1987 a662 p. c23 cm aCommentario teologico N.T. v19